000 00535cam a2200181 a 4500
999 _c899
_d899
020 _a0721693458 (pbk.)
050 1 0 _aRM301
_b.K44
100 1 _aKee, Joyce LeFever.
245 1 0 _aPharmacology :
_ba nursing process approach /
_cJoyce LeFever Kee, Evelyn R. Hayes.
250 _a4th ed.
260 _aPhiladelphia :
_bSaunders,
_cc2003.
300 _axxv, 917 p. :
_bill. ;
_c28 cm. +
_estudy guide.
500 _aAccompanied by study guide.
650 0 _aPharmacology.
650 0 _aNursing.
700 1 _aHayes, Evelyn R.
942 _cBK